| 000 | 01144cam a2200313 a 4500 | ||
|---|---|---|---|
| 001 | 000019665 | ||
| 005 | 20200929170109.0 | ||
| 008 | 930901s1989 sp b 000 p spa d | ||
| 020 | _a842391898X (pbk.) | ||
| 040 |
_aDO-SdBNP _bspa _cFMU _dDLC _dBNPHU |
||
| 082 |
_a861.6 _bP124s |
||
| 100 | 1 |
_aPadrón, Justo Jorge, _d1943- _942114 |
|
| 245 | 1 | 0 |
_aSólo muere la mano que te escribe / _cJusto Jorge Padrón ; prólogo, José García Nieto, Victor Ivanovici. |
| 246 | 1 | 4 | _aLos rostros escuchados |
| 260 |
_aMadrid, (España) : _bEditorial Espasa Calpe, _c1989. |
||
| 300 |
_a269 p. ; _c18 cm. |
||
| 490 | 1 |
_aAustral _aLiteratura _v98 |
|
| 504 | _aIncluye referencias bibliográficas: p. [47] -77. | ||
| 650 | 4 |
_aPoesía española _9631 |
|
| 650 | 4 |
_aLiteratura española _9632 |
|
| 650 | 4 |
_aHumorismo español _922337 |
|
| 700 | 1 |
_aGarcía Nieto, José _epról. _923396 |
|
| 700 | 1 |
_aIvanovici, Victor _epról. _98829 |
|
| 700 | 1 | 2 |
_aPadron, Justo Jorge, _d1943- _tRostros escuchados. _f1989. _942115 |
| 740 | 0 | _aRostros escuchados. | |
| 830 | 0 |
_aAustral ; _pLiteratura _v98 _921451 |
|
| 910 | _aCatalogación derivada / LC | ||
| 049 | _aBNGR | ||
| 999 |
_c19181 _d19181 |
||